[Event "GRE-ch U14"]
[Site "Patras"]
[Date "2013.07.12"]
[Round "7.4"]
[White "Dimitrakopoulos, Marios Odisseas"]
[Black "Prokopiou, Ioannis"]
[Result "1-0"]
[WhiteElo "1474"]
[BlackElo "1594"]
[PlyCount "109"]
[EventDate "2013.07.08"]
[EventType "swiss"]
[EventRounds "9"]
[EventCountry "GRE"]
[SourceTitle "EXT 2024"]
[Source "ChessBase"]
[SourceDate "2023.10.10"]
[SourceVersion "1"]
[SourceVersionDate "2023.10.10"]
[SourceQuality "1"]

1. e4 c6 2. d4 d5 3. exd5 cxd5 4. c4 Nf6 5. Nc3 e6 6. Nf3 Bb4 7. Bd3 Bxc3+ 8. bxc3 dxc4 9. Bxc4 0-0 10. 0-0 Qc7 11. Qd3 Nbd7 12. Re1 h6 13. Bd2 Rd8 14. Bb3 b6 15. Qe3 Bb7 16. Ne5 Nxe5 17. Qxe5 Qxe5 18. Rxe5 Bd5 19. Rae1 Rac8 20. Rc1 Bc4 21. Bxc4 Rxc4 22. Rb5 Ne4 23. Be1 Rdxd4 24. Rb3 Rd7 25. Rb4 Rdc7 26. a3 Nf6 27. f3 Nd5 28. Rxc4 Rxc4 29. Kf2 Kf8 30. Bd2 Ke7 31. Ke2 Nf4+ 32. Bxf4 Rxf4 33. c4 Rf5 34. Ke3 Kd6 35. Kd3 Ra5 36. Rc3 Rg5 37. g3 Rh5 38. Rc2 Rc5 39. f4 a6 40. Kd4 f6 41. Rc3 e5+ 42. fxe5+ fxe5+ 43. Ke4 b5 44. Rd3+ Ke6 45. cxb5 Rxb5 46. Rc3 Rd5 47. Rc4 Kd6 48. g4 g5 49. Ra4 a5 50. Kf5 Kc6 51. Ke6 Kb5 52. Rxa5+ Kxa5 53. Kxd5 Ka4 54. Kxe5 Kxa3 55. Kf5 1-0

[Event "GRE-ch U14"]
[Site "Patras"]
[Date "2013.07.08"]
[Round "1.5"]
[White "Dimitrakopoulos, Marios Odisseas"]
[Black "Papadopoulos, Argirios"]
[Result "0-1"]
[WhiteElo "1474"]
[BlackElo "1927"]
[PlyCount "96"]
[EventDate "2013.07.08"]
[EventType "swiss"]
[EventRounds "9"]
[EventCountry "GRE"]
[SourceTitle "EXT 2024"]
[Source "ChessBase"]
[SourceDate "2023.10.10"]
[SourceVersion "1"]
[SourceVersionDate "2023.10.10"]
[SourceQuality "1"]

1. e4 c5 2. c3 Nf6 3. e5 Nd5 4. d4 cxd4 5. cxd4 e6 6. Nf3 d6 7. Bc4 Nb6 8. Bb5+ Bd7 9. Bxd7+ Qxd7 10. 0-0 Nc6 11. Nc3 dxe5 12. dxe5 Rd8 13. Bg5 Be7 14. Bxe7 Qxd1 15. Raxd1 Kxe7 16. b3 a6 17. Ne4 Nd7 18. Nd6 b5 19. Rc1 Ndxe5 20. Nxe5 Nxe5 21. Nb7 Rc8 22. Nc5 Rc6 23. Rfe1 Nd7 24. Nxd7 Rxc1 25. Rxc1 Kxd7 26. f4 Rc8 27. Rd1+ Ke7 28. Rd2 f6 29. Kf2 Rc3 30. g3 g6 31. Ke2 h5 32. Kf1 e5 33. fxe5 fxe5 34. Kf2 Ke6 35. Ke2 Kf5 36. Ke1 Ke4 37. Kf2 a5 38. Ke2 a4 39. bxa4 bxa4 40. Rb2 Kd4 41. Rd2+ Kc4 42. Rb2 a3 43. Rd2 Rc1 44. Ke3 Re1+ 45. Kf2 Rb1 46. Rd6 Rb2+ 47. Ke3 Rxa2 48. Ra6 Ra1 0-1